Product Placement as an Effective Instrument of Marketing Communication

Využívanie umiestňovania produktov ako nástroja marketingovej komunikácie. Výhody a nevýhody použitia umiestnenia produktov pre spoločnosti aj pre zákazníkov.

Saved in:
Bibliographic Details
Main Author: Loydlová, Miroslava
Format: Book Chapter
Language:English
Subjects:
Tags: Add Tag
No Tags, Be the first to tag this record!

MARC

LEADER 00000naa$a2200000$$$4500
001 0249691
005 20240502074009.0
041 0 |a eng 
044 |a SK 
245 1 0 |a Product Placement as an Effective Instrument of Marketing Communication  |c Miroslava Loydlová 
520 |a Využívanie umiestňovania produktov ako nástroja marketingovej komunikácie. Výhody a nevýhody použitia umiestnenia produktov pre spoločnosti aj pre zákazníkov. 
610 2 0 |a umiestňovanie produktov 
610 2 0 |a marketing 
610 2 0 |a komunikácia marketingová 
610 2 0 |a správanie spotrebiteľa 
610 2 0 |a zákazníci 
100 1 |a Loydlová, Miroslava